[Event "Karlstad op"]
[Site "Karlstad"]
[Date "2014.12.27"]
[Round "1"]
[White "Brynell, Stellan"]
[Black "Adellian, Yashar"]
[Result "0-1"]
[WhiteElo "2456"]
[BlackElo "1897"]
[PlyCount "116"]
[EventDate "2014.12.27"]
[EventType "swiss"]
[EventRounds "7"]
[EventCountry "SWE"]
[SourceTitle "CBM 164 Extra"]
[Source "ChessBase"]
[SourceDate "2015.03.02"]
[SourceVersion "1"]
[SourceVersionDate "2015.03.02"]
[SourceQuality "1"]

1. d4 f5 2. g3 Nf6 3. Bg2 g6 4. Nf3 Bg7 5. 0-0 0-0 6. c4 d6 7. Nc3 e6 8. Re1 Ne4 9. Qc2 Nxc3 10. bxc3 Nc6 11. Bg5 Qe8 12. e4 e5 13. exf5 Rxf5 14. Qd2 Qf8 15. d5 Na5 16. Qd3 b6 17. h4 Ba6 18. Nd2 Rxf2 19. Rf1 Rxf1+ 20. Rxf1 Qe8 21. h5 h6 22. Bf6 gxh5 23. Bh3 Bc8 24. Bxc8 Qxc8 25. Bxg7 Kxg7 26. Ne4 Qg4 27. Nf6 Qg6 28. Rf5 Rf8 29. Nxh5+ Kh7 30. Rf3 Qxd3 31. Rxd3 Kg6 32. g4 Nxc4 33. Kg2 Nb2 34. Rh3 Na4 35. c4 a5 36. Rb3 Nc5 37. Re3 Kg5 38. Kh3 Rf2 39. Ng3 Rxa2 40. Rf3 Kg6 41. Rf8 e4 42. Nh5 e3 43. Rf6+ Kh7 44. Rf7+ Kg8 45. Re7 e2 46. Nf4 Rc2 47. Nxe2 a4 48. Nd4 Rxc4 49. Nf5 a3 50. Nxh6+ Kf8 51. Rf7+ Ke8 52. Rf2 Ra4 53. Ra2 b5 54. g5 Nd3 55. Ng4 b4 56. Kg3 b3 57. Rh2 Rxg4+ 58. Kxg4 a2 0-1